02246cam a2200421 a 4500999001700000001000900017005001700026008004100043010001700084020002600101020002200127020002500149020002200174035002100196042000800217050002400225100002000249245018700269246008900456260012100545300004100666490005100707500022200758504005100980505023701031600005701268650003501325650003901360650006201399700005501461700002101516700002201537710004101559710004901600710003501649942001501684952012501699 c27164d271641690880920170207143643.0110808s2010 enka bc 000 0 eng  a 2011377050 a9780900785771 (cased) a0900785772 (hbk.) a9780900785887 (pbk,) a0900785888 (pbk.) a(OCoLC)499078486 apcc00aNK7903 .M37W37 20101 aWarren, Jeremy.10aBeauty & power :bRenaissance and Baroque bronzes from the Peter Marino Collection /cJeremy Warren ; with contributions from Francesca G. Bewer, Leda Cosentino, and Richard Dorment.3 aBeauty and power :bRenaissance and Baroque bronzes from the Peter Marino Collection aLondon :bWallace Collection :bProduced and distributed for the Wallace Collection by Paul Holberton Pub.,c[2010?] a287 p. :bill. (some ill.) ;c29 cm.0 aCatalog of the Peter Marino Collection ;vv. 1 aCatalog of an exhibition held at the Wallace Collection, London, Apr. 29-July 25, 2010, the Huntington Art Collections, San Marino, Oct. 7, 2010-Jan. 9, 2011 and the Minneapolis Institute of Arts, Feb. 6-May 15, 2011. aIncludes bibliographical references (274-282).0 aPeter Marino -- Meeting Mr. Marino / Richard Dorment -- Florence, Paris, Rome : cultural crossing points / Jeremy Warren -- Catalogue / Jeremy Warren -- Technical notes / Francesca G. Bewer -- Artists' biographies / Leda Cosentino.10aMarino, Peter,d1949-xArt collectionsvExhibitions. 0aBronzes, BaroquevExhibitions. 0aBronzes, RenaissancevExhibitions. 0aBronzesxPrivate collectionszUnited StatesvExhibitions.1 aBewer, Francesca G.q(Francesca Gabrielle),d1960-1 aCosentino, Leda.1 aDorment, Richard.2 aWallace Collection (London, England)2 aHenry E. Huntington Library and Art Gallery.2 aMinneapolis Institute of Arts. 2lcccBOOKS 00102lcc4070aMUCbMUCcTECHd2017-02-07eDonation(BFA)l0oNK7903 .M37W37 2010p34748r2018-07-10w2017-02-07yBOOKS